000 00585nam a2200205Ia 4500
003 OSt
005 20230408113546.0
008 210423s2007 xx 000 0 und d
020 _a8178884526
040 _cAL
041 _aeng
082 _a809.93592 GRIK
_223
100 _aGRIFFIN (Kelly),Ed.
_982849
245 _aCritical study on life and works of George Eliot.
260 _aNew Delhi
_bDominant Publishers and Distributors
_c2007
300 _axix,298
_bHB
365 _b695
_cINR
906 _aCritical ; eliot. ; george ; life ; study ; work ; works
942 _2ddc
_cBK
999 _c158632
_d158632